000 02154cad a22002775a 4500
001 L159459
008 081030s2016 xxk f v 000 0 eng d
020 _a9781783211753
041 0 _aeng
050 0 4 _a347.41067 $2 18
110 2 _aRoyal Institution of Chartered Surveyors
_94900
245 0 0 _aIndependent expert determination
_h[electronic resource]
260 _aLondon
_bRICS
_c2016
300 _aeBook
490 0 _aRICS Guidance Note
505 2 _a1 Introduction -- 2 The nature of expert determination -- 3 Powers and duties of the independent expert -- 4 Steps prior to appointment -- 5 Involvements and conflicts of interest -- 6 Action on appointment -- 7 Terms of engagement -- 8 Subsequent inability to act -- 9 Case management -- 10 Expert witnesses and advocates -- 11 The parties -- 12 Preliminary meeting if necessary -- 13 Establishing the facts -- 14 Points of law and other technical issues -- 15 'Documents only' expert determinations -- 16 Oral hearings in expert determinations -- 17 Independent experts' approach to evidence -- 18 Evaluating the evidence -- 19 Overlapping expert determinations -- 20 Uncooperative parties -- 21 Inspections -- 22 The determination -- 23 Contents of the determination -- 24 Fees -- 25 Costs -- 26 Events after the determination -- Bibliography
520 _aAssists those who are appointed either by the President of RICS or directly by the parties to a dispute, to act as an independent expert to determine their dispute. It is also intended to assist the parties themselves and those acting for them by making them aware of the procedures likely to be followed. Effective from December 2016.
520 _aErratum: In paragraph 6.7, the final sentence incorrectly cross-references 5.10. This should be a cross-reference to 5.9.
521 _aAdvanced
590 _aKA
651 4 _aENGLAND AND WALES
651 4 _aNorthern Ireland
690 _aDispute resolution
_96236
856 4 1 _uhttps://www.rics.org/profession-standards/rics-standards-and-guidance/sector-standards/dispute-resolution-standards/independent-expert-determination
_zAvailable on RICS.org
942 _n0
_2ddc
999 _c115919
_d115919